00684nam a2200157Ia 450000500170000000800410001702000180005808200200007610000430009624500750013926000330021430000120024794200070025999900190026695202410028520250430173942.0231217s9999 xx 000 0 und d a9780470375020 a658.8 MAS;1 R aMasterson, Michael. Tribby, Maryellen. 0aChanging the channel : 12 easy ways to make millions for your business c2009bJohn Wiley & SonsaUSA axiv+285 cAA c183444d183444 r2024-01-26 00:00:00l0o658.8 MAS;1 Rp54776W20v1005.98w2024-01-26yAAzMissing found 20201040708MBA00K0910/0373L26/01/2013aMLbMLcMBAd2009-07-22eSurya Infotainment Products Pvt. Ltd.g24.95EMBAGUSDF50.4V4.99URupees